Renewable Energy and Green Technology (Record no. 1431600)
[ view plain ]
| 000 -LEADER | |
|---|---|
| fixed length control field | 02701nam a22002537a 4500 |
| 005 - DATE AND TIME OF LATEST TRANSACTION | |
| control field | 20250611114417.0 |
| 008 - FIXED-LENGTH DATA ELEMENTS--GENERAL INFORMATION | |
| fixed length control field | 250611b |||||||| |||| 00| 0 eng d |
| 020 ## - INTERNATIONAL STANDARD BOOK NUMBER | |
| International Standard Book Number | 9781032008158 |
| 040 ## - CATALOGING SOURCE | |
| Original cataloging agency | CSL |
| Transcribing agency | CSL |
| 041 ## - LANGUAGE CODE | |
| Source of code | eng |
| Language code of text/sound track or separate title | eng |
| 084 ## - COLON CLASSIFICATION NUMBER | |
| Classification number | C84:(G) R2 |
| Assigning agency | CSL |
| 245 ## - TITLE STATEMENT | |
| Title | Renewable Energy and Green Technology |
| Remainder of title | : Principles and Practices |
| 260 ## - PUBLICATION, DISTRIBUTION, ETC. | |
| Place of publication, distribution, etc. | Boca Raton: |
| Name of publisher, distributor, etc. | CRC Press, |
| Date of publication, distribution, etc. | 2022. |
| 300 ## - PHYSICAL DESCRIPTION | |
| Extent | x, 186p. |
| Other physical details | : col. ill. |
| Dimensions | ; 26 cm. |
| 520 ## - SUMMARY, ETC. | |
| Summary, etc. | Renewable Energy and Green Technology: Principles and Practices is based on the present need to understand the principles and utility of renewable energy and green technology to minimize dependency on fossil fuels in global development. Renewable energy is the best and cheapest source of energy as an alternate resource. There is massive potential for renewable energy globally, including in India. The efficient utilization of renewable energy resources could minimize the impact of climate change globally. Generally, renewable energy is generated from essentially inexhaustible sources, including wind power, solar power, geothermal energy, tidal energy, biomass energy, and other sources. Hence, encouraging renewable energy use could save our tomorrow from the climate change perspective and in terms of sustainable food production. This book promotes the exchange of ideas, policy formulation, and collective action to ensure a smooth transition to renewable energy. It describes the technological interventions for reducing environmental and economic damage resulting from the use of conventional energy sources. In this book, the focus is on utilizing various renewable energy sources in diverse sectors. It also elaborates the descriptive methodology of different renewable energies, accompanied by figures and tables. It provides information on biogas energy plants, gasifier technologies, and hydropower technologies, among others, along with their applications. Further, it delves into energy concepts and details significant advantages of the energy resources for sustaining the future world. Lastly, this book will provide instant access to comprehensive, cutting-edge knowledge, making it possible for academicians and researchers to utilize this ever-growing wealth of information. |
| 650 ## - SUBJECT ADDED ENTRY--TOPICAL TERM | |
| Topical term or geographic name entry element | Renewable energy sources |
| 9 (RLIN) | 714632 |
| 650 ## - SUBJECT ADDED ENTRY--TOPICAL TERM | |
| Topical term or geographic name entry element | Green technology |
| 9 (RLIN) | 812573 |
| 650 ## - SUBJECT ADDED ENTRY--TOPICAL TERM | |
| Topical term or geographic name entry element | Environmental protection—Technological innovations |
| 9 (RLIN) | 812574 |
| 650 ## - SUBJECT ADDED ENTRY--TOPICAL TERM | |
| Topical term or geographic name entry element | Sustainable development |
| 9 (RLIN) | 438223 |
| 700 ## - ADDED ENTRY--PERSONAL NAME | |
| Personal name | Kumar, Narendra |
| Relator term | editor. |
| 700 ## - ADDED ENTRY--PERSONAL NAME | |
| Personal name | Singh, Hukum |
| Relator term | editor. |
| 9 (RLIN) | 812575 |
| 700 ## - ADDED ENTRY--PERSONAL NAME | |
| Personal name | Kumar, Amit |
| Relator term | editor. |
| 9 (RLIN) | 423084 |
| 942 ## - ADDED ENTRY ELEMENTS (KOHA) | |
| Source of classification or shelving scheme | Colon Classification (CC) |
| Suppress in OPAC | No |
| Koha item type | Textual |
| Classification part | C84:(G) R2 |
| Withdrawn status | Lost status | Source of classification or shelving scheme | Damaged status | Not for loan | Home library | Current library | Date acquired | Source of acquisition | Total Checkouts | Full call number | Barcode | Date last seen | Price effective from | Koha item type |
|---|---|---|---|---|---|---|---|---|---|---|---|---|---|---|
| Colon Classification (CC) | Central Science Library | Central Science Library | 2025-01-09 | ABC PUBLISHER & DISTRIBUTORS PVT LTD | C84:(G) R2 | SL1656315 | 2025-06-11 | 2025-06-11 | Textual |
